Statistics for 新北市の市轄区

Click here to take the quiz!

General Stats

  • This quiz has been taken 7 times
  • The average score is 9 of 29

Answer Stats

Answer% Correct
板橋區
100%
汐止區
80%
淡水區
80%
瑞芳區
60%
三重區
60%
石門區
40%
三峽區
40%
三芝區
40%
八里區
40%
林口區
40%
新莊區
40%
鶯歌區
40%
樹林區
40%
五股區
20%
蘆洲區
20%
泰山區
20%
中和區
20%
土城區
20%
金山區
20%
永和區
20%
烏來區
20%
新店區
20%
貢寮區
20%
雙溪區
20%
平溪區
20%
坪林區
0%
石碇區
0%
深坑區
0%
萬里區
0%

Score Distribution

Percentile by Number Answered

Percent of People with Each Score

Your Score History

You have not taken this quiz